| 000 | 00663nas a2200241 4500 | ||
|---|---|---|---|
| 001 | BR9209061 | ||
| 003 | BR-BrBNA | ||
| 005 | 20231205093216.0 | ||
| 007 | ta | ||
| 008 | 230509b bl.|||p| |||| 00| 00por d | ||
| 040 |
_aBR-BrBNA _bpor _cBiblioteca Nacional de Agricultura |
||
| 041 | _a(Pt) | ||
| 072 | _aP10; E16 | ||
| 100 | 1 | _aMartorelli, V.M. | |
| 245 | 1 | _aVelho Chico: lendas e riquezas | |
| 650 | _aRECURSO HIDRICO | ||
| 650 | _aMANANCIAL | ||
| 650 | _aFATOR DE PRODUCAO | ||
| 650 | _aRIO | ||
| 773 | 0 |
_tAtualidades SANBRA (Brazil) _x _g(Aug 1985), v. 18(84) p. 25-29 _wBR9209061 |
|
| 909 |
_a202311 _bLúcia _c55 _dLúcia Elande |
||
| 942 |
_2AGRIS _n0 _cANA |
||
| 999 |
_c136855 _d136855 |
||